[Event "BCF-chT1b 1516 (4NCL)"]
[Site "England"]
[Date "2015.11.14"]
[Round "1.186"]
[White "Knott, Simon JB"]
[Black "Redmond, John P"]
[Result "1/2-1/2"]
[WhiteElo "2328"]
[BlackElo "2203"]
[PlyCount "64"]
[EventDate "2015.11.14"]
[EventType "team-swiss"]
[EventRounds "11"]
[EventCountry "ENG"]
[SourceTitle "CBM 169 Extra"]
[Source "ChessBase"]
[SourceDate "2015.12.18"]
[SourceVersion "1"]
[SourceVersionDate "2015.12.18"]
[SourceQuality "1"]
[WhiteTeam "Barbican II"]
[BlackTeam "South Wales Dragons"]
[WhiteTeamCountry "ENG"]
[BlackTeamCountry "ENG"]

1. Nf3 d5 2. d4 Nf6 3. c4 e6 4. g3 Bb4+ 5. Bd2 Bd6 6. Bg2 0-0 7. 0-0 c6 8. Qc2 Nbd7 9. Bg5 h6 10. Bxf6 Nxf6 11. Nbd2 b6 12. e4 Be7 13. e5 Nd7 14. cxd5 cxd5 15. Rfc1 Nb8 16. Bf1 Bd7 17. Qc7 Qe8 18. Qc3 Nc6 19. a3 Rc8 20. Qe3 Nb8 21. b4 a6 22. h4 Ba4 23. Rc3 Rxc3 24. Qxc3 Qc6 25. Qxc6 Bxc6 26. Rc1 Rc8 27. Nb1 Bd7 28. Rc3 f5 29. Ne1 g5 30. hxg5 hxg5 31. Nc2 Kf7 32. Rxc8 Bxc8 1/2-1/2

[Event "BCF-chT1d 1415 (4NCL) Demotion pool"]
[Site "England"]
[Date "2015.05.04"]
[Round "11.162"]
[White "Knott, Simon JB"]
[Black "Cooper, John Grantley"]
[Result "1-0"]
[WhiteElo "2309"]
[BlackElo "2326"]
[PlyCount "71"]
[EventDate "2014.11.15"]
[EventType "team-tourn"]
[EventRounds "4"]
[EventCountry "ENG"]
[SourceTitle "EXT 2023"]
[Source "ChessBase"]
[SourceDate "2022.10.05"]
[SourceVersion "1"]
[SourceVersionDate "2022.10.05"]
[SourceQuality "1"]
[WhiteTeam "Barbican II"]
[BlackTeam "South Wales Dragons"]
[WhiteTeamCountry "ENG"]
[BlackTeamCountry "ENG"]

1. Nf3 c5 2. c4 e6 3. g3 d5 4. cxd5 exd5 5. d4 Nf6 6. Bg2 Be7 7. 0-0 0-0 8. Nc3 Nc6 9. Bg5 cxd4 10. Nxd4 h6 11. Be3 Re8 12. Rc1 Bg4 13. h3 Be6 14. a3 Rc8 15. Nxe6 fxe6 16. f4 Na5 17. Bf2 Nc4 18. b3 Nd6 19. Qd3 Kh8 20. g4 Qa5 21. Nb1 Nfe4 22. Bd4 Bf6 23. e3 Rxc1 24. Rxc1 e5 25. fxe5 Bxe5 26. Bxe5 Rxe5 27. Qd4 Re8 28. b4 Qd8 29. Qxd5 Qh4 30. Rf1 Qg3 31. Qd4 Ng5 32. Nd2 Rxe3 33. Nc4 Re2 34. Qd5 Nxc4 35. Rf8+ Kh7 36. Qf5+ 1-0

[Event "BCF-chT1a 1415 (4NCL)"]
[Site "England"]
[Date "2015.02.14"]
[Round "5.147"]
[White "Stepanyan, Henrik"]
[Black "Knott, Simon JB"]
[Result "1/2-1/2"]
[WhiteElo "2042"]
[BlackElo "2316"]
[PlyCount "81"]
[EventDate "2014.11.15"]
[EventType "team-swiss"]
[EventRounds "11"]
[EventCountry "ENG"]
[SourceTitle "EXT 2016"]
[Source "ChessBase"]
[SourceDate "2015.10.08"]
[SourceVersion "1"]
[SourceVersionDate "2015.10.08"]
[SourceQuality "1"]
[WhiteTeam "Warwicks Select"]
[BlackTeam "Barbican"]
[WhiteTeamCountry "ENG"]
[BlackTeamCountry "ENG"]

1. d4 Nf6 2. c4 g6 3. Nc3 d5 4. cxd5 Nxd5 5. Bd2 Bg7 6. e4 Nxc3 7. Bxc3 0-0 8. Qd2 c5 9. d5 Bxc3 10. Qxc3 e6 11. Qxc5 Nd7 12. Qd4 exd5 13. Qxd5 Qe7 14. Nf3 Nf6 15. Qe5 Qxe5 16. Nxe5 Re8 17. f4 Nxe4 18. Bc4 Be6 19. 0-0 Bxc4 20. Nxc4 Rac8 21. Rac1 Rc5 22. Ne3 f5 23. Rxc5 Nxc5 24. Kf2 Re4 25. Ke2 Na4 26. Kd2 Nxb2 27. Rb1 Nc4+ 28. Nxc4 Rxc4 29. Rxb7 Ra4 30. Ke3 Rxa2 31. Kd4 Ra5 32. g3 h6 33. h3 h5 34. Rc7 Ra6 35. Ke5 Kf8 36. Rd7 Ke8 37. Rg7 Kd8 38. Rg8+ Ke7 39. Rg7+ Kf8 40. Rb7 Ke8 41. Rg7 1/2-1/2

[Event "BCF-chT1a 1415 (4NCL)"]
[Site "England"]
[Date "2014.11.16"]
[Round "2.117"]
[White "Knott, Simon JB"]
[Black "Hagesaether, Arne"]
[Result "1/2-1/2"]
[WhiteElo "2322"]
[BlackElo "2103"]
[PlyCount "60"]
[EventDate "2014.11.15"]
[EventType "team-swiss"]
[EventRounds "11"]
[EventCountry "ENG"]
[SourceTitle "EXT 2015"]
[Source "ChessBase"]
[SourceDate "2014.11.20"]
[SourceVersion "1"]
[SourceVersionDate "2014.11.20"]
[SourceQuality "1"]
[WhiteTeam "Barbican"]
[BlackTeam "Wood Green"]
[WhiteTeamCountry "ENG"]
[BlackTeamCountry "ENG"]

1. Nf3 e6 2. c4 Nf6 3. g3 d5 4. d4 Bb4+ 5. Bd2 Bxd2+ 6. Nbxd2 a5 7. Bg2 0-0 8. 0-0 Nbd7 9. Qc2 c6 10. e4 dxe4 11. Nxe4 c5 12. Rad1 Nxe4 13. Qxe4 cxd4 14. Nxd4 Qg5 15. h4 Qc5 16. Nb5 Nf6 17. Qd4 Qxd4 18. Rxd4 e5 19. Rd6 Rb8 20. Re1 Be6 21. b3 Nd7 22. Nc7 Bf5 23. Nd5 Rfe8 24. Nb6 Nf6 25. Nd5 Nd7 26. Be4 Bxe4 27. Rxe4 f5 28. Re2 Nc5 29. Nc7 Re7 30. Nd5 Ree8 1/2-1/2

[Event "BCF-chT1d 1314 (4NCL) Demotion pool"]
[Site "England"]
[Date "2014.05.03"]
[Round "9.166"]
[White "Knott, Simon JB"]
[Black "Ludbrook, Matthew"]
[Result "1-0"]
[WhiteElo "2309"]
[BlackElo "2002"]
[PlyCount "85"]
[EventDate "2013.11.16"]
[EventType "team-tourn"]
[EventRounds "4"]
[EventCountry "ENG"]
[SourceTitle "EXT 2015"]
[Source "ChessBase"]
[SourceDate "2014.11.20"]
[SourceVersion "1"]
[SourceVersionDate "2014.11.20"]
[SourceQuality "1"]
[WhiteTeam "Barbican"]
[BlackTeam "Oxford"]
[WhiteTeamCountry "ENG"]
[BlackTeamCountry "ENG"]

1. Nf3 Nf6 2. c4 d6 3. d4 c5 4. Nc3 cxd4 5. Nxd4 Nc6 6. e4 g6 7. Be2 Bg7 8. Be3 0-0 9. 0-0 Bd7 10. Qd2 a6 11. f3 Ne8 12. Rfd1 Nc7 13. Nb3 Be6 14. Nd5 Ne5 15. Bb6 Bxd5 16. cxd5 Nd7 17. Be3 Qb8 18. Rac1 Rc8 19. Rc2 Ne8 20. Rdc1 Rxc2 21. Rxc2 Kf8 22. Na5 b6 23. Nc6 Qb7 24. b4 Rc8 25. Qd3 Ra8 26. Kf2 Nc7 27. a3 Ne8 28. Qd2 Ndf6 29. a4 Nd7 30. a5 b5 31. f4 Rc8 32. Bf3 f6 33. Qc1 Ra8 34. g4 Kf7 35. h4 Nf8 36. Nd4 Rb8 37. g5 Qd7 38. Kg3 h5 39. gxh6 Bxh6 40. Bg4 Qb7 41. Bc8 Qa8 42. Rc6 Ng7 43. Rxa6 1-0

[Event "Hastings Masters op 89th"]
[Site "Hastings"]
[Date "2013.12.28"]
[Round "1"]
[White "Knott, Simon JB"]
[Black "Mchedlishvili, Mikheil"]
[Result "1/2-1/2"]
[WhiteElo "2317"]
[BlackElo "2649"]
[PlyCount "68"]
[EventDate "2013.12.28"]
[EventType "swiss"]
[EventRounds "9"]
[EventCountry "ENG"]
[SourceTitle "CBM 158 Extra"]
[Source "ChessBase"]
[SourceDate "2014.02.28"]
[SourceVersion "1"]
[SourceVersionDate "2014.02.28"]
[SourceQuality "1"]

1. Nf3 d6 2. d4 Bg4 3. c4 Nd7 4. Nc3 e5 5. g3 Bxf3 6. exf3 exd4 7. Qxd4 Ngf6 8. Bg2 Be7 9. 0-0 0-0 10. f4 c6 11. b3 Qb6 12. Qd3 Rfe8 13. Na4 Qc7 14. Bb2 Rad8 15. Rad1 Bf8 16. Qc2 a6 17. Nc3 Nc5 18. b4 Ncd7 19. Ne4 Nxe4 20. Bxe4 h6 21. a3 Be7 22. Bh7+ Kh8 23. Bf5 Bf6 24. Bxd7 Qxd7 25. Bxf6 gxf6 26. Rd4 Kg7 27. Rfd1 Re6 28. Kg2 b5 29. cxb5 axb5 30. Qf5 d5 31. Qg4+ Kh7 32. Qf5+ Kg7 33. Qh5 Rde8 34. f5 Rd8 1/2-1/2

[Event "GBR-ch 100th"]
[Site "Torquay"]
[Date "2013.08.09"]
[Round "11"]
[White "Weaving, Richard"]
[Black "Knott, Simon JB"]
[Result "1-0"]
[WhiteElo "2196"]
[BlackElo "2318"]
[PlyCount "107"]
[EventDate "2013.07.29"]
[EventType "swiss"]
[EventRounds "11"]
[EventCountry "ENG"]
[SourceTitle "CBM 155 Extra"]
[Source "ChessBase"]
[SourceDate "2013.08.26"]
[SourceVersion "1"]
[SourceVersionDate "2013.08.26"]
[SourceQuality "1"]

1. e4 e6 2. d4 d5 3. Nd2 c5 4. exd5 Qxd5 5. Ngf3 cxd4 6. Bc4 Qd6 7. 0-0 Nf6 8. Nb3 Nc6 9. Nbxd4 Nxd4 10. Nxd4 a6 11. Re1 Qc7 12. Qe2 Bd6 13. Bg5 0-0 14. Bd3 Bxh2+ 15. Kf1 Bf4 16. Bxf6 gxf6 17. g3 Rd8 18. c3 Be5 19. Qh5 Kf8 20. Qxh7 Bd7 21. Nf3 Bxg3 22. fxg3 Qxg3 23. Re3 Bc6 24. Qh4 Qxh4 25. Nxh4 Rxd3 26. Rxd3 Bb5 27. Rad1 Ke7 28. Kf2 Bxd3 29. Rxd3 Rh8 30. Nf3 Rh1 31. Rd2 e5 32. Ne1 f5 33. Nd3 Rh2+ 34. Ke1 Rh1+ 35. Ke2 Rh2+ 36. Kd1 Rxd2+ 37. Kxd2 Kd6 38. Ke3 b6 39. b3 f6 40. Nb4 a5 41. Nc2 Kd5 42. a4 f4+ 43. Kf3 Ke6 44. Na3 Kd5 45. Nc4 Kc5 46. Nd2 b5 47. Ne4+ Kc6 48. axb5+ Kxb5 49. Nxf6 a4 50. bxa4+ Kxa4 51. Ke4 Kb3 52. Kd3 Ka4 53. Kc4 f3 54. Ne4 1-0

[Event "GBR-ch 100th"]
[Site "Torquay"]
[Date "2013.08.07"]
[Round "9"]
[White "Anderson, John"]
[Black "Knott, Simon JB"]
[Result "1/2-1/2"]
[WhiteElo "2189"]
[BlackElo "2318"]
[PlyCount "65"]
[EventDate "2013.07.29"]
[EventType "swiss"]
[EventRounds "11"]
[EventCountry "ENG"]
[SourceTitle "CBM 155 Extra"]
[Source "ChessBase"]
[SourceDate "2013.08.26"]
[SourceVersion "1"]
[SourceVersionDate "2013.08.26"]
[SourceQuality "1"]

1. e4 e6 2. d4 d5 3. Nc3 Bb4 4. e5 c5 5. a3 Bxc3+ 6. bxc3 Ne7 7. Qg4 0-0 8. Bd3 Nbc6 9. Qh5 Ng6 10. Nf3 Qc7 11. Be3 c4 12. Bxg6 fxg6 13. Qg4 Bd7 14. h4 Rf5 15. Ng1 Ne7 16. Ne2 Ba4 17. Kd2 Qd7 18. Qh3 Raf8 19. g4 Rf3 20. Qg2 h6 21. Ng1 R3f7 22. Rb1 h5 23. Nh3 hxg4 24. Qxg4 Rf5 25. Nf4 Kf7 26. Rhg1 Ke8 27. Nxg6 Nxg6 28. Qxg6+ R8f7 29. Rg5 Kd8 30. Rxf5 Rxf5 31. Bg5+ Kc7 32. f4 Qf7 33. Qxf7+ 1/2-1/2

[Event "GBR-ch 100th"]
[Site "Torquay"]
[Date "2013.08.03"]
[Round "6"]
[White "Knott, Simon JB"]
[Black "Jones, Gawain C B"]
[Result "1/2-1/2"]
[WhiteElo "2318"]
[BlackElo "2643"]
[PlyCount "65"]
[EventDate "2013.07.29"]
[EventType "swiss"]
[EventRounds "11"]
[EventCountry "ENG"]
[SourceTitle "CBM 155 Extra"]
[Source "ChessBase"]
[SourceDate "2013.08.26"]
[SourceVersion "1"]
[SourceVersionDate "2013.08.26"]
[SourceQuality "1"]

1. Nf3 c5 2. c4 Nc6 3. Nc3 e5 4. e3 Nf6 5. d4 e4 6. Nd2 cxd4 7. exd4 Bb4 8. d5 Ne5 9. Be2 Bxc3 10. bxc3 d6 11. Qa4+ Qd7 12. Qxd7+ Nexd7 13. Nb3 Nc5 14. Bf4 Ke7 15. Nxc5 dxc5 16. 0-0 Re8 17. Be5 Bf5 18. f3 Bg6 19. fxe4 Nxe4 20. Bxg7 f5 21. Bd3 Kf7 22. Bh6 Nxc3 23. g4 Ne2+ 24. Kg2 f4 25. Bxg6+ Kxg6 26. Bxf4 Rad8 27. Bg3 b5 28. Bh4 Rd7 29. Rae1 Re4 30. Kf3 Re5 31. Kg2 Re4 32. Kf3 Re5 33. Kg2 1/2-1/2

[Event "GBR-ch 100th"]
[Site "Torquay"]
[Date "2013.07.31"]
[Round "3"]
[White "Zhou, Yang Fan"]
[Black "Knott, Simon JB"]
[Result "1-0"]
[WhiteElo "2469"]
[BlackElo "2318"]
[PlyCount "61"]
[EventDate "2013.07.29"]
[EventType "swiss"]
[EventRounds "11"]
[EventCountry "ENG"]
[SourceTitle "CBM 155 Extra"]
[Source "ChessBase"]
[SourceDate "2013.08.26"]
[SourceVersion "1"]
[SourceVersionDate "2013.08.26"]
[SourceQuality "1"]

1. e4 e6 2. d4 d5 3. Nd2 c5 4. exd5 Qxd5 5. Ngf3 cxd4 6. Bc4 Qd6 7. 0-0 Nf6 8. Nb3 Nc6 9. Nbxd4 Nxd4 10. Nxd4 a6 11. Re1 Qc7 12. Bf1 Bc5 13. Bg5 0-0 14. Bxf6 gxf6 15. Qg4+ Kh8 16. Qh4 Be7 17. Re3 f5 18. Qh5 Bc5 19. Qh6 f6 20. Nxe6 Bxe6 21. Rxe6 Bd4 22. Rae1 Be5 23. Bd3 f4 24. g3 Rad8 25. Qh4 Rd4 26. R1xe5 Rxd3 27. Re1 Rdd8 28. Re7 Qxc2 29. Qxf4 b5 30. Ra7 Rd1 31. Rxh7+ 1-0

[Event "GBR-ch 100th"]
[Site "Torquay"]
[Date "2013.07.30"]
[Round "2"]
[White "Knott, Simon JB"]
[Black "Tambini, Jasper"]
[Result "1-0"]
[WhiteElo "2318"]
[BlackElo "1979"]
[PlyCount "57"]
[EventDate "2013.07.29"]
[EventType "swiss"]
[EventRounds "11"]
[EventCountry "ENG"]
[SourceTitle "CBM 155 Extra"]
[Source "ChessBase"]
[SourceDate "2013.08.26"]
[SourceVersion "1"]
[SourceVersionDate "2013.08.26"]
[SourceQuality "1"]

1. Nf3 d5 2. d4 Nf6 3. c4 e6 4. g3 Be7 5. Bg2 0-0 6. 0-0 c6 7. Qc2 b6 8. Nbd2 Bb7 9. e4 Nbd7 10. e5 Ne8 11. cxd5 cxd5 12. Re1 Rc8 13. Qa4 Bc6 14. Qd1 Nc7 15. Bf1 f6 16. exf6 Bxf6 17. Bd3 Bb7 18. Nf1 Re8 19. Bf4 Qe7 20. h4 Qf7 21. Rc1 Nf8 22. N1h2 Ng6 23. Bxg6 hxg6 24. Ng4 Nb5 25. Qd3 a6 26. a4 Na7 27. Be5 Nc6 28. Bxf6 gxf6 29. Nh6+ 1-0

[Event "BCF-chT1b 1213 (4NCL)"]
[Site "England"]
[Date "2013.02.23"]
[Round "5.181"]
[White "Knott, Simon JB"]
[Black "Ghasi, Ameet K"]
[Result "0-1"]
[WhiteElo "2325"]
[BlackElo "2434"]
[PlyCount "68"]
[EventDate "2012.11.03"]
[EventType "team-tourn"]
[EventRounds "7"]
[EventCountry "ENG"]
[SourceTitle "EXT 2014"]
[Source "ChessBase"]
[SourceDate "2013.11.20"]
[SourceVersion "1"]
[SourceVersionDate "2013.11.20"]
[SourceQuality "1"]
[WhiteTeam "Barbican II"]
[BlackTeam "Warwicks Select"]
[WhiteTeamCountry "ENG"]
[BlackTeamCountry "ENG"]

1. Nf3 g6 2. c4 Bg7 3. e4 d6 4. d4 Bg4 5. Be2 Nc6 6. Be3 e5 7. d5 Bxf3 8. Bxf3 Nd4 9. Bxd4 exd4 10. 0-0 Ne7 11. Nd2 c6 12. b4 a5 13. a3 0-0 14. Rb1 axb4 15. axb4 Ra2 16. Nb3 Qb6 17. Qd3 Ra4 18. b5 cxb5 19. cxb5 Rc8 20. Rfd1 Rc3 21. Qf1 Rb4 22. Nd2 Ra4 23. Nb3 Ra3 24. Nc1 h5 25. Be2 Qd8 26. Nd3 Nc8 27. Ra1 Rxa1 28. Rxa1 Nb6 29. g3 Qe8 30. Ra7 Rc7 31. Nb4 Qxe4 32. Bd3 Qf3 33. Be2 Qb3 34. Na6 Re7 0-1

[Event "Hastings Masters op 88th"]
[Site "Hastings"]
[Date "2013.01.04"]
[Round "8"]
[White "Wadsworth, Matthew J"]
[Black "Knott, Simon JB"]
[Result "1/2-1/2"]
[WhiteElo "2067"]
[BlackElo "2325"]
[PlyCount "73"]
[EventDate "2012.12.28"]
[EventType "swiss"]
[EventRounds "10"]
[EventCountry "ENG"]
[SourceTitle "CBM 152 Extra"]
[Source "ChessBase"]
[SourceDate "2013.02.25"]
[SourceVersion "1"]
[SourceVersionDate "2013.02.25"]
[SourceQuality "1"]

1. c4 Nf6 2. g3 g6 3. Bg2 d5 4. cxd5 Nxd5 5. Nc3 Nxc3 6. bxc3 Bg7 7. Rb1 Nc6 8. Qc2 0-0 9. Nf3 b6 10. 0-0 Bb7 11. d3 Re8 12. Bd2 e5 13. c4 Qd7 14. Bc3 Rad8 15. a4 Ba8 16. Rfd1 Qe7 17. Nd2 Nd4 18. Bxd4 exd4 19. Bxa8 Rxa8 20. Re1 h5 21. Nf3 Rad8 22. a5 Rd6 23. axb6 axb6 24. e4 dxe3 25. Rxe3 Re6 26. Rxe6 Qxe6 27. Re1 Qd7 28. Rxe8+ Qxe8 29. d4 f5 30. c5 bxc5 31. Qxc5 Qd8 32. h4 Bf6 33. Ne5 Kg7 34. Qc4 Qe7 35. Qd5 Kh7 36. Kg2 Kg7 37. Kg1 1/2-1/2

[Event "Hastings Masters op 88th"]
[Site "Hastings"]
[Date "2013.01.03"]
[Round "7"]
[White "Knott, Simon JB"]
[Black "Gretarsson, Hjorvar Steinn"]
[Result "0-1"]
[WhiteElo "2325"]
[BlackElo "2516"]
[PlyCount "106"]
[EventDate "2012.12.28"]
[EventType "swiss"]
[EventRounds "10"]
[EventCountry "ENG"]
[SourceTitle "CBM 152 Extra"]
[Source "ChessBase"]
[SourceDate "2013.02.25"]
[SourceVersion "1"]
[SourceVersionDate "2013.02.25"]
[SourceQuality "1"]

1. Nf3 Nf6 2. c4 b6 3. g3 Bb7 4. Bg2 g6 5. d4 Bg7 6. Nc3 0-0 7. 0-0 Ne4 8. Nxe4 Bxe4 9. d5 Na6 10. Bh3 Bxf3 11. exf3 Nc5 12. Rb1 a5 13. f4 e6 14. Be3 Re8 15. Qc2 exd5 16. cxd5 d6 17. f5 Qd7 18. Rfc1 Bf6 19. Bg2 Re7 20. fxg6 hxg6 21. b3 Qe8 22. Bf3 Kg7 23. Kg2 Qb5 24. Qc4 Qxc4 25. Rxc4 Nd3 26. a3 Rae8 27. Rc2 g5 28. Be2 Nxf2 29. Bb5 Ng4 30. Bg1 Rh8 31. Re2 Be5 32. Rf1 f6 33. h3 Nh6 34. g4 Rf8 35. Bd3 Nf7 36. Rc2 Nh8 37. a4 Ng6 38. Bxg6 Kxg6 39. Rf5 Rfe8 40. Kf3 Rb8 41. Kg2 b5 42. Rf3 bxa4 43. bxa4 Rb4 44. Ra3 Bf4 45. Rac3 Rxa4 46. Rxc7 Rxc7 47. Rxc7 Ra2+ 48. Kf3 Ra3+ 49. Ke4 Rxh3 50. Bf2 Ra3 51. Rc8 Be5 52. Rg8+ Kf7 53. Ra8 Ra4+ 0-1

[Event "Hastings Masters op 88th"]
[Site "Hastings"]
[Date "2013.01.02"]
[Round "6"]
[White "Knott, Simon JB"]
[Black "Pert, Nicholas"]
[Result "1/2-1/2"]
[WhiteElo "2325"]
[BlackElo "2557"]
[PlyCount "33"]
[EventDate "2012.12.28"]
[EventType "swiss"]
[EventRounds "10"]
[EventCountry "ENG"]
[SourceTitle "CBM 152 Extra"]
[Source "ChessBase"]
[SourceDate "2013.02.25"]
[SourceVersion "1"]
[SourceVersionDate "2013.02.25"]
[SourceQuality "1"]

1. Nf3 d5 2. d4 Nf6 3. c4 c6 4. e3 Bf5 5. Nc3 e6 6. Nh4 Bg6 7. Be2 Nbd7 8. 0-0 Ne4 9. Nxg6 hxg6 10. Nxe4 Qh4 11. h3 dxe4 12. d5 Ne5 13. Qd4 Nf3+ 14. Bxf3 exf3 15. dxc6 bxc6 16. Rd1 Rd8 17. Qxd8+ 1/2-1/2

[Event "Hastings Masters op 88th"]
[Site "Hastings"]
[Date "2012.12.30"]
[Round "3"]
[White "Spanton, Timothy"]
[Black "Knott, Simon JB"]
[Result "0-1"]
[WhiteElo "2020"]
[BlackElo "2325"]
[PlyCount "66"]
[EventDate "2012.12.28"]
[EventType "swiss"]
[EventRounds "10"]
[EventCountry "ENG"]
[SourceTitle "CBM 152 Extra"]
[Source "ChessBase"]
[SourceDate "2013.02.25"]
[SourceVersion "1"]
[SourceVersionDate "2013.02.25"]
[SourceQuality "1"]

1. c4 Nf6 2. g3 g6 3. Bg2 d5 4. cxd5 Nxd5 5. Qb3 Nb6 6. Qc3 f6 7. Nf3 Nc6 8. 0-0 e5 9. d3 Be6 10. Bd2 Qd7 11. Na3 0-0-0 12. Rfc1 g5 13. Ne1 Nd4 14. Kf1 Bd5 15. e4 Be6 16. Be3 c6 17. Qa5 Kb8 18. b4 h5 19. Bxd4 Qxd4 20. Nac2 Qd7 21. b5 c5 22. Ne3 h4 23. Rc3 g4 24. Ra3 Nc8 25. b6 axb6 26. Qa8+ Kc7 27. Nd5+ Bxd5 28. exd5 Bd6 29. Rb1 hxg3 30. hxg3 Rh2 31. d4 exd4 32. Nd3 Qh7 33. Nf4 Qxb1+ 0-1

[Event "BCF-chTa 1112 (4NCL)"]
[Site "England"]
[Date "2012.01.15"]
[Round "4.41"]
[White "Knott, Simon JB"]
[Black "Cobb, James"]
[Result "0-1"]
[WhiteElo "2332"]
[BlackElo "2411"]
[PlyCount "84"]
[EventDate "2011.11.12"]
[EventType "team-tourn"]
[EventRounds "7"]
[EventCountry "ENG"]
[SourceTitle "EXT 2013"]
[Source "ChessBase"]
[SourceDate "2012.11.22"]
[SourceVersion "1"]
[SourceVersionDate "2012.11.22"]
[SourceQuality "1"]
[WhiteTeam "Barbican II"]
[BlackTeam "Bristol"]
[WhiteTeamCountry "ENG"]
[BlackTeamCountry "ENG"]

1. Nf3 d5 2. d4 Nf6 3. c4 e6 4. g3 Bb4+ 5. Bd2 Be7 6. Bg2 0-0 7. 0-0 c6 8. Qc2 Nbd7 9. Rd1 b6 10. Bf4 Bb7 11. Nc3 Nh5 12. Bc1 f5 13. b3 Rc8 14. Bb2 Bd6 15. e3 Qf6 16. Ne2 g5 17. Qc3 Qh6 18. Ne5 Ndf6 19. f4 gxf4 20. Nxf4 Nxf4 21. exf4 c5 22. Qe1 Bxe5 23. dxe5 Ne4 24. a4 a5 25. Qe2 d4 26. Bf3 Rc7 27. Rd3 Rg7 28. Qg2 Qg6 29. Qh3 Qe8 30. Kf1 Nd2+ 31. Rxd2 Bxf3 32. Kf2 Qa8 33. Qf1 h5 34. Rd3 Be4 35. h4 Kh7 36. Rad1 Rfg8 37. Bc1 Rg4 38. Qh3 Kh6 39. R1d2 Qb7 40. Rd1 Bxd3 41. Rxd3 Qe4 42. Qf1 Rxg3 0-1

[Event "Hastings Masters op 87th"]
[Site "Hastings"]
[Date "2012.01.05"]
[Round "9"]
[White "Lock, Gavin R"]
[Black "Knott, Simon JB"]
[Result "0-1"]
[WhiteElo "2157"]
[BlackElo "2332"]
[PlyCount "74"]
[EventDate "2011.12.28"]
[EventType "swiss"]
[EventRounds "9"]
[EventCountry "ENG"]
[SourceTitle "CBM 146 Extra"]
[Source "ChessBase"]
[SourceDate "2012.02.29"]
[SourceVersion "1"]
[SourceVersionDate "2012.02.29"]
[SourceQuality "1"]

1. d4 Nf6 2. Nf3 g6 3. c4 Bg7 4. Nc3 d5 5. cxd5 Nxd5 6. e4 Nxc3 7. bxc3 c5 8. Be3 Qa5 9. Qd2 Nc6 10. Rc1 cxd4 11. cxd4 Qxd2+ 12. Kxd2 0-0 13. d5 Rd8 14. Ke1 Na5 15. Bg5 Bd7 16. Bd3 f5 17. Bxe7 Re8 18. d6 fxe4 19. Bxe4 Bc6 20. Bxc6 Nxc6 21. Kd1 Nxe7 22. dxe7 Rxe7 23. Re1 Rd8+ 24. Kc2 Rc7+ 25. Kb1 Rcd7 26. Rc4 Rd6 27. Re7 Rb6+ 28. Kc1 Bb2+ 29. Kc2 Bf6 30. Rec7 Rb2+ 31. Kc1 Rxf2 32. Rxb7 Rxg2 33. Rc2 Rg4 34. Rcc7 Rf4 35. Rb3 a5 36. Ra7 a4 37. Ra3 Rc4+ 0-1

[Event "Hastings Masters op 87th"]
[Site "Hastings"]
[Date "2011.12.31"]
[Round "4"]
[White "Knott, Simon JB"]
[Black "De Andres Gonalons, Fernando"]
[Result "1-0"]
[WhiteElo "2332"]
[BlackElo "2091"]
[PlyCount "65"]
[EventDate "2011.12.28"]
[EventType "swiss"]
[EventRounds "9"]
[EventCountry "ENG"]
[SourceTitle "CBM 146 Extra"]
[Source "ChessBase"]
[SourceDate "2012.02.29"]
[SourceVersion "1"]
[SourceVersionDate "2012.02.29"]
[SourceQuality "1"]

1. Nf3 d5 2. d4 c5 3. c4 e6 4. cxd5 exd5 5. g3 Nf6 6. Bg2 Be7 7. 0-0 0-0 8. Nc3 Nc6 9. dxc5 Bxc5 10. Na4 Be7 11. Be3 Bg4 12. Rc1 Qd7 13. Nc5 Bxc5 14. Rxc5 Rad8 15. Nd4 h6 16. f3 Qe7 17. Rc3 Bd7 18. Nxc6 Bxc6 19. Bc5 Qe6 20. Bxf8 Rxf8 21. e3 Re8 22. Qd4 a6 23. Rfc1 Qf5 24. a4 Qe6 25. b3 Qf5 26. Rd1 h5 27. h4 Qg6 28. Kh2 Qf5 29. Rf1 Qe6 30. Bh3 Qe7 31. Rf2 Qa3 32. Rd2 Qe7 33. Kg2 1-0

[Event "BCF-chT1a 1011 (4NCL)"]
[Site "England"]
[Date "2011.02.20"]
[Round "6"]
[White "Ward, Christopher"]
[Black "Knott, Simon JB"]
[Result "1-0"]
[WhiteElo "2449"]
[BlackElo "2333"]
[PlyCount "141"]
[EventDate "2010.11.06"]
[EventType "team-tourn"]
[EventRounds "7"]
[EventCountry "ENG"]
[SourceTitle "EXT 2012"]
[Source "ChessBase"]
[SourceDate "2011.11.24"]
[SourceVersion "1"]
[SourceVersionDate "2011.11.24"]
[SourceQuality "1"]
[WhiteTeam "Pride and Prejudice"]
[BlackTeam "Barbican"]
[WhiteTeamCountry "ENG"]
[BlackTeamCountry "ENG"]

1. d4 Nf6 2. c4 g6 3. Nc3 d5 4. Nf3 Bg7 5. Bg5 dxc4 6. e4 c5 7. d5 b5 8. d6 Bb7 9. e5 Ne4 10. Nxe4 Bxe4 11. Qe2 Bd3 12. Qd2 Qd7 13. Bxd3 cxd3 14. Qxd3 exd6 15. 0-0-0 0-0 16. Qxd6 Qxd6 17. Rxd6 Rc8 18. e6 fxe6 19. Re1 Bf8 20. Rdxe6 Nc6 21. Rd1 a5 22. Rd7 a4 23. Bf6 a3 24. Kb1 axb2 25. Bxb2 Rd8 26. Rxd8 Nxd8 27. Rb6 b4 28. Ne5 Bg7 29. Nd3 Rc8 30. Bxg7 Kxg7 31. Rd6 h6 32. Nxc5 Rxc5 33. Rxd8 Rc4 34. Kb2 Re4 35. Rd2 g5 36. Kb3 g4 37. Rc2 h5 38. Rc4 Re2 39. Rf4 Kg6 40. h3 Kg5 41. Rf8 gxh3 42. gxh3 Kh4 43. f4 Kxh3 44. f5 Rf2 45. f6 Rf4 46. f7 Kh4 47. Ka4 Kh3 48. Kb5 h4 49. Kc5 Kh2 50. Rh8 Rxf7 51. Rxh4+ Kg3 52. Rxb4 Rf5+ 53. Kb6 Rf6+ 54. Ka7 Rf7+ 55. Ka6 Rf6+ 56. Kb7 Rf7+ 57. Kb6 Rf6+ 58. Kc5 Rf5+ 59. Kd6 Rf6+ 60. Ke5 Ra6 61. a4 Kf3 62. Kd5 Ke3 63. Kc5 Kd3 64. Kb5 Ra8 65. a5 Rb8+ 66. Ka4 Ra8 67. Rh4 Kc3 68. Kb5 Rb8+ 69. Kc6 Rg8 70. Rh7 Ra8 71. Kb6 1-0

[Event "BCF-chT1a 1011 (4NCL)"]
[Site "England"]
[Date "2011.02.19"]
[Round "5.12"]
[White "Knott, Simon JB"]
[Black "Ledger, Dave J"]
[Result "0-1"]
[WhiteElo "2333"]
[BlackElo "2261"]
[PlyCount "80"]
[EventDate "2010.11.06"]
[EventType "team-tourn"]
[EventRounds "7"]
[EventCountry "ENG"]
[SourceTitle "EXT 2012"]
[Source "ChessBase"]
[SourceDate "2011.11.24"]
[SourceVersion "1"]
[SourceVersionDate "2011.11.24"]
[SourceQuality "1"]
[WhiteTeam "Barbican"]
[BlackTeam "Betsson.com"]
[WhiteTeamCountry "ENG"]
[BlackTeamCountry "ENG"]

1. Nf3 Nf6 2. c4 g6 3. Nc3 Bg7 4. e4 d6 5. d4 0-0 6. Be2 e5 7. 0-0 Nc6 8. d5 Ne7 9. Ne1 Nd7 10. Nd3 f5 11. Bd2 Nf6 12. f3 f4 13. g4 g5 14. Be1 Ng6 15. h3 h5 16. Kg2 Rf7 17. Rh1 Bf8 18. Bf2 Rh7 19. c5 Nh4+ 20. Bxh4 gxh4 21. Qb3 hxg4 22. hxg4 h3+ 23. Rxh3 Rxh3 24. Kxh3 Nh5 25. c6 bxc6 26. dxc6+ Kg7 27. Nf2 Ng3 28. Qc2 Be6 29. Nd5 Bxd5 30. exd5 Be7 31. Kg2 Qh8 32. Bf1 Qh4 33. Kg1 Rh8 34. Bh3 e4 35. fxe4 Bf6 36. Rd1 f3 37. e5 Bxe5 38. Rd2 Ne2+ 39. Rxe2 Qg3+ 40. Kf1 fxe2+ 0-1